[Event "AUTO-OPEN-1117"]
[Site "http://www.queenalice.com/game.php?id=397036"]
[Date "2008.5.2"]
[Round "1"]
[White "andre_ramos"]
[Black "markmooney2008"]
[Result "1-0"]
[WhiteElo "1496"]
[BlackElo "1477"]

1. e4 c5 2. Bc4 Nc6 3. c3 Nf6 4. d3 Na5 5. Qa4 a6 6. Qd1 Nxc4 7. dxc4 Nxe4 8.
Qd5 Nf6 9. Qxc5 e6 10. Qd4 Qc7 11. Bf4 Qc5 12. Be5 Nh5 13. Qg4 Qxe5+ 14. Ne2 Bd6
15. Nd2 f5 16. Qxh5+ g6 17. Qf3 O-O 18. O-O-O Ra7 19. c5 Bxc5 20. Nc4 Qf6 21.
Nd4 b5 22. Na5 e5 23. Nc2 e4 24. Qe2 Bb6 25. Nb3 Rc7 26. Ncd4 Bb7 27. Qe3 f4 28.
Qe2 Rfc8 29. Kb1 Qg5 30. f3 e3 31. Rdg1 Rc4 32. g4 b4 33. h4 Qf6 34. h5 a5 35.
hxg6 bxc3 36. gxh7+ Kh8 37. g5 Qg6+ 38. Ka1 Bxd4 39. Nxd4 Rxd4 40. Qb5 c2 41.
Qe5+ Qg7 42. Qxa5 1-0

[Event "AUTO-OPEN-1117"]
[Site "http://www.queenalice.com/game.php?id=397037"]
[Date "2008.5.2"]
[Round "1"]
[White "markmooney2008"]
[Black "andre_ramos"]
[Result "1-0"]
[WhiteElo "1439"]
[BlackElo "1404"]

1. c4 c5 2. Nc3 Nc6 3. e3 e5 4. Nf3 Nf6 5. g3 d6 6. Bg2 Bg4 7. O-O e4 8. Nxe4
Nxe4 9. Qc2 Bxf3 10. Bxf3 Nf6 11. b3 Ne5 12. Bxb7 Rb8 13. Bg2 Be7 14. d4 cxd4
15. exd4 Ng6 16. Be3 O-O 17. Rae1 Ng4 18. Bd2 Bg5 19. Bxg5 Qxg5 20. Re2 Rfe8 21.
Rfe1 Nf6 22. Bc6 Rxe2 23. Qxe2 Nf4 24. Qe7 Nd3 25. Qxa7 Rc8 26. Re3 Nf4 27. Qb7
Qg4 28. Bf3 Nh3+ 29. Kf1 Qf5 30. a4 Ng4 31. Rc3 Nxh2+ 32. Kg2 Nxf3 33. Rxf3 Qe6
34. Rxf7 Ng5 35. Rxg7+ Kh8 36. Rxg5 1-0

[Event "AUTO-OPEN-1117"]
[Site "http://www.queenalice.com/game.php?id=397056"]
[Date "2008.5.2"]
[Round "1"]
[White "luhosavi"]
[Black "markmooney2008"]
[Result "1-0"]
[WhiteElo "2069"]
[BlackElo "1483"]

1. e4 c5 2. Nc3 Nc6 3. f4 e6 4. Nf3 d5 5. Bb5 Qd6 6. e5 Qc7 7. O-O a6 8. Bxc6+
Qxc6 9. d4 f6 10. Qe1 b5 11. Be3 Nh6 12. exf6 gxf6 13. Qh4 Bg7 14. dxc5 Nf5 15.
Qh5+ Ke7 16. Nd4 Qc7 17. Nxf5+ exf5 18. Nxd5+ 1-0

[Event "AUTO-OPEN-1117"]
[Site "http://www.queenalice.com/game.php?id=397057"]
[Date "2008.5.2"]
[Round "1"]
[White "markmooney2008"]
[Black "luhosavi"]
[Result "0-1"]
[WhiteElo "1459"]
[BlackElo "2108"]

1. c4 Nf6 2. Nc3 g6 3. b3 Bg7 4. Bb2 O-O 5. d4 d6 6. Nf3 c6 7. e4 Nbd7 8. Bd3 e5
9. Ne2 exd4 10. Nfxd4 Nc5 11. Qc2 Re8 12. Ng3 Nxd3+ 13. Qxd3 Nxe4 14. Nxe4 d5
15. cxd5 cxd5 16. O-O dxe4 17. Qe3 f5 18. Rfd1 Qb6 19. Rd2 Bd7 20. Rad1 Rac8 21.
Ba1 h6 22. Qg3 Kh7 23. Ne2 Bxa1 24. Rxd7+ Bg7 25. Nf4 Red8 26. Rxd8 Rxd8 0-1

[Event "AUTO-OPEN-1117"]
[Site "http://www.queenalice.com/game.php?id=397066"]
[Date "2008.5.2"]
[Round "1"]
[White "Marchess"]
[Black "markmooney2008"]
[Result "1-0"]
[WhiteElo "2066"]
[BlackElo "1423"]

1. e4 c5 2. Nf3 Nc6 3. d4 e6 4. Be3 Nf6 5. e5 Ne4 6. Bd3 cxd4 7. Bxd4 Nxd4 8.
Bxe4 Nxf3+ 9. Bxf3 Qa5+ 10. Nc3 Qxe5+ 11. Be2 Bd6 12. Qd2 b6 13. O-O-O Bb7 14.
f3 Qf4 15. Kb1 Qxd2 16. Rxd2 Bf4 17. Rdd1 Rc8 18. Bb5 Bc6 19. Bxc6 dxc6 20. Ne4
O-O 21. b3 Rfd8 22. c4 Rxd1+ 23. Rxd1 Bxh2 24. Kc2 Be5 25. Rd7 a5 26. Ng5 Rf8
27. Rb7 Rb8 28. Rd7 f6 29. Nxe6 g6 30. f4 Re8 31. Ng7 Rd8 32. Rxd8+ Kxg7 33.
fxe5 fxe5 34. Rd6 1-0

[Event "AUTO-OPEN-1117"]
[Site "http://www.queenalice.com/game.php?id=397067"]
[Date "2008.5.2"]
[Round "1"]
[White "markmooney2008"]
[Black "Marchess"]
[Result "0-1"]
[WhiteElo "1423"]
[BlackElo "1998"]

1. c4 Nf6 2. Nc3 g6 3. d4 Bg7 4. Nf3 O-O 5. b3 b6 6. Bb2 Bb7 7. g3 d5 8. Bg2 e6
9. O-O Qd7 10. Ne5 Qe7 11. Qd3 Nbd7 12. cxd5 Nxd5 13. Nb5 Nxe5 14. Ba3 Qxa3 15.
Qc2 Qb4 16. Nxc7 Rac8 17. Nxd5 Bxd5 18. Qb2 Bxg2 19. Kxg2 Nd7 20. e3 Rc7 21. a3
Qd6 22. Rfd1 Rfc8 23. Rd2 Nf6 24. Rad1 Ne4 25. Rd3 Rc2 26. Qb1 Rxf2+ 27. Kg1
Rxh2 0-1

[Event "AUTO-OPEN-1118"]
[Site "http://www.queenalice.com/game.php?id=397344"]
[Date "2008.5.3"]
[Round "1"]
[White "Undertaker"]
[Black "markmooney2008"]
[Result "1-0"]
[WhiteElo "1801"]
[BlackElo "1440"]

1. e4 c5 2. Nf3 Nc6 3. Nc3 e6 4. Bb5 Qc7 5. d3 a6 6. Bxc6 Qxc6 7. Ne5 Qc7 8. f4
b5 9. Qh5 d6 10. Ng4 g6 11. Qh4 Be7 12. Qh3 e5 13. fxe5 h5 14. Nd5 Qa5+ 15. Bd2
Qd8 16. Nxe7 Qxe7 17. Bc3 Bxg4 18. exd6 Qxd6 19. Qh4 Qf4 20. Bd2 Qd6 21. Rf1 Nf6
22. Rxf6 Qd4 23. Rb1 Qg1+ 24. Rf1 Qxg2 25. Qf2 Qxf2+ 26. Rxf2 O-O 27. Rf6 Rae8
28. Bh6 Be6 29. b3 Bg4 30. Bxf8 1-0

[Event "AUTO-OPEN-1118"]
[Site "http://www.queenalice.com/game.php?id=397345"]
[Date "2008.5.3"]
[Round "1"]
[White "markmooney2008"]
[Black "Undertaker"]
[Result "0-1"]
[WhiteElo "1442"]
[BlackElo "1799"]

1. c4 e5 2. Nc3 Nc6 3. b3 Nf6 4. Bb2 Bb4 5. a3 Bc5 6. e3 O-O 7. b4 Bd6 8. d4
exd4 9. Nb5 dxe3 10. Nxd6 cxd6 11. fxe3 Qe7 12. Qf3 Re8 13. Bc1 Nd4 14. Qf2 Ne4
15. Qb2 Nf5 16. Nf3 Nf6 17. Qc3 b6 18. Be2 Bb7 19. O-O Nxe3 20. Bxe3 Ng4 21.
Rae1 Nxe3 22. Rf2 Ng4 23. Rff1 d5 24. Nd4 Qe4 25. Nf5 d4 26. Qg3 g6 27. Bxg4 Qc2
28. Rxe8+ Rxe8 29. Nd6 Re3 30. Nxb7 Rxg3 0-1

[Event "AUTO-OPEN-1118"]
[Site "http://www.queenalice.com/game.php?id=397372"]
[Date "2008.5.3"]
[Round "1"]
[White "Francisco_Ferraz"]
[Black "markmooney2008"]
[Result "1-0"]
[WhiteElo "1683"]
[BlackElo "1521"]

1. d4 c5 2. d5 e6 3. c4 Nf6 4. Bg5 exd5 5. cxd5 Qa5+ 6. Qd2 Qxd2+ 7. Nxd2 Nxd5
8. e4 Nb4 9. Kd1 a6 10. a3 N4c6 11. Ngf3 d6 12. Nc4 h6 13. Bf4 g5 14. Bxd6 Bg7
15. Nfe5 Nxe5 16. Bxe5 Bxe5 17. Nxe5 Nd7 18. Nxd7 Bxd7 19. Rc1 Ba4+ 20. Ke1 b6
21. Bc4 O-O 22. h4 Rae8 23. f3 b5 24. Bd5 c4 25. Kf2 Kg7 26. hxg5 hxg5 27. Rh5
f6 28. Rch1 Rh8 29. Rxh8 Rxh8 30. Rxh8 Kxh8 31. g4 a5 32. Ke2 Bb3 33. Kd2 b4 34.
axb4 axb4 35. Kc1 Kg7 36. Be6 Kf8 37. Kd2 Ke7 38. Bf5 Kd6 39. e5+ Kxe5 40. Ke3
c3 41. Bd3 c2 42. Bxc2 Bxc2 43. Kf2 Kd4 44. Ke2 Kc4 45. Kd2 Kb3 46. Kc1 1-0

[Event "AUTO-OPEN-1118"]
[Site "http://www.queenalice.com/game.php?id=397373"]
[Date "2008.5.3"]
[Round "1"]
[White "markmooney2008"]
[Black "Francisco_Ferraz"]
[Result "0-1"]
[WhiteElo "1539"]
[BlackElo "1673"]

1. c4 e5 2. Nc3 Nc6 3. e3 Nf6 4. a3 Bc5 5. b4 Be7 6. d4 exd4 7. exd4 h6 8. g3
O-O 9. Bg2 a5 10. b5 Na7 11. a4 Bb4 12. Bb2 Re8+ 13. Ne2 Bxc3+ 14. Bxc3 d5 15.
c5 Bd7 16. O-O Bg4 17. f3 Bf5 18. Bxa5 b6 19. Bb4 bxc5 20. dxc5 c6 21. b6 Rb8
22. Ba5 Nc8 23. Nd4 Ne7 24. Bb4 Rb7 25. a5 Qd7 26. a6 Rbb8 27. Rf2 Nc8 28. Nb3
Re3 29. a7 Ra8 30. Na5 Rd3 31. Qe2 d4 32. b7 Rxa7 33. b8=Q Rb3 34. f4 Nd5 35.
Re1 Ne3 36. Bxc6 Qe6 37. Qe5 Qg6 38. Bd2 Ng4 39. Rf3 Nxe5 40. Rxb3 Nxc6 41. Nxc6
Qxc6 42. Qc4 Be6 43. Rb6 Nxb6 44. Qxd4 Ra4 45. Qd8+ Kh7 46. Qxb6 Qd5 0-1

[Event "AUTO-OPEN-1118"]
[Site "http://www.queenalice.com/game.php?id=397390"]
[Date "2008.5.3"]
[Round "1"]
[White "Soncini"]
[Black "markmooney2008"]
[Result "1-0"]
[WhiteElo "2027"]
[BlackElo "1459"]

1. e4 c5 2. Nf3 Nc6 3. c3 e6 4. Be2 d5 5. d3 Nf6 6. Qc2 b5 7. O-O Bb7 8. Bg5 Be7
9. e5 Ng4 10. Bxe7 Qxe7 11. d4 f6 12. h3 Nh6 13. Bxb5 O-O 14. Nbd2 Nf5 15. Bxc6
Bxc6 16. g4 Nh6 17. exf6 Rxf6 18. Ne5 Bb5 19. c4 dxc4 20. Ndxc4 cxd4 21. Qe4
Raf8 22. a4 Rf4 23. Qg2 1-0

[Event "AUTO-OPEN-1118"]
[Site "http://www.queenalice.com/game.php?id=397391"]
[Date "2008.5.3"]
[Round "1"]
[White "markmooney2008"]
[Black "Soncini"]
[Result "0-1"]
[WhiteElo "1539"]
[BlackElo "2085"]

1. c4 Nf6 2. Nc3 e6 3. d4 d5 4. b3 Bb4 5. Bb2 Ne4 6. Qc2 Qf6 7. Nf3 O-O 8. O-O-O
Bxc3 9. Bxc3 Nxf2 10. Rg1 Nxd1 11. Kxd1 Nc6 12. e4 Rd8 13. Bd3 a5 14. cxd5 exd5
15. e5 Qh6 16. Bd2 Qh5 17. g4 Bxg4 18. Bxh7+ Kh8 19. Kc1 Bxf3 20. Bg5 Nxd4 21.
Qxc7 Rdc8 0-1

[Event "AUTO-OPEN-1119"]
[Site "http://www.queenalice.com/game.php?id=397686"]
[Date "2008.5.4"]
[Round "1"]
[White "Rajko"]
[Black "markmooney2008"]
[Result "1-0"]
[WhiteElo "1518"]
[BlackElo "1458"]

1. e4 c5 2. c4 Nc6 3. Nc3 e6 4. Nf3 Nf6 5. Be2 d5 6. d3 d4 7. Nb1 Bd6 8. O-O Ne5
9. Nxe5 Bxe5 10. f4 Bc7 11. e5 Nd7 12. Bd2 O-O 13. Na3 a6 14. Nc2 f6 15. exf6
Nxf6 16. Bf3 e5 17. fxe5 Nd7 18. Bd5+ Kh8 19. e6 1-0

[Event "AUTO-OPEN-1119"]
[Site "http://www.queenalice.com/game.php?id=397687"]
[Date "2008.5.4"]
[Round "1"]
[White "markmooney2008"]
[Black "Rajko"]
[Result "1-0"]
[WhiteElo "1503"]
[BlackElo "1568"]

1. c4 c5 2. Nc3 Nc6 3. e3 e5 4. a3 Nf6 5. Nf3 d6 6. b3 Be7 7. Bb2 h6 8. d4 cxd4
9. exd4 Bg4 10. Be2 Bxf3 11. Bxf3 e4 12. Nxe4 O-O 13. d5 Ne5 14. Bxe5 dxe5 15.
d6 Nxe4 16. dxe7 1-0

[Event "AUTO-OPEN-1119"]
[Site "http://www.queenalice.com/game.php?id=397710"]
[Date "2008.5.4"]
[Round "1"]
[White "THEJEGUE"]
[Black "markmooney2008"]
[Result "0-1"]
[WhiteElo "1437"]
[BlackElo "1472"]

1. d4 e6 2. e4 c5 3. d5 exd5 4. e5 Nc6 5. f4 d6 6. Nf3 Be6 7. Bb5 Qa5+ 8. Nc3 d4
9. Be2 dxc3 10. bxc3 Qxc3+ 11. Bd2 Qa3 12. Qb1 b6 13. Bb5 Bd7 14. Bc3 Qxc3+ 15.
Nd2 dxe5 16. Be2 Nd4 17. Bd3 exf4 18. Qd1 Bg4 19. O-O Bxd1 20. Raxd1 Nxc2 21.
Bxc2 Qxc2 22. Rde1+ Be7 23. Ne4 Qxa2 24. Nd6+ Kf8 25. Nf5 Bg5 26. h4 Bf6 27. Rf2
Qd5 28. Rxf4 Ne7 29. Ne3 Qd2 30. Rff1 Bxh4 31. Ng4 Bxe1 0-1

[Event "AUTO-OPEN-1119"]
[Site "http://www.queenalice.com/game.php?id=397711"]
[Date "2008.5.4"]
[Round "1"]
[White "markmooney2008"]
[Black "THEJEGUE"]
[Result "0-1"]
[WhiteElo "1533"]
[BlackElo "1426"]

1. c4 e5 2. Nc3 c6 3. a3 Nf6 4. b4 d5 5. Bb2 Nbd7 6. e3 Bd6 7. c5 Bc7 8. d4 e4
9. f3 O-O 10. Qc2 b6 11. fxe4 Nxe4 12. Nxe4 dxe4 13. Qxe4 Bb7 14. Qg4 Nf6 15.
Qe2 b5 16. Nf3 a5 17. Qc2 a4 18. Bd3 Re8 19. Ng5 Rxe3+ 20. Kf2 Ng4+ 21. Kf1 Qxg5
22. Bxh7+ Kf8 23. Kg1 Rae8 24. Bc3 Re2 25. Qf5 Qe3+ 26. Kf1 Rf2+ 27. Qxf2 Nxf2
0-1

[Event "AUTO-OPEN-1119"]
[Site "http://www.queenalice.com/game.php?id=397726"]
[Date "2008.5.4"]
[Round "1"]
[White "markmooney2008"]
[Black "palaciorep"]
[Result "0-1"]
[WhiteElo "1506"]
[BlackElo "1839"]

1. c4 e5 2. Nc3 Nc6 3. e3 Nf6 4. a3 Be7 5. b4 a6 6. d4 exd4 7. exd4 O-O 8. Bd3
d6 9. Qc2 Nxd4 10. Qb2 c5 11. Be3 b6 12. Bxd4 cxd4 13. Ne4 Bb7 14. Qxd4 Bxe4 15.
Bxe4 Nxe4 16. Qxe4 Bf6 17. O-O-O Bc3 18. Nf3 a5 19. b5 Qf6 20. h4 Bb2+ 21. Kb1
Bxa3 22. Rd2 Bb4 23. Re2 h6 24. Nd4 Bc5 25. Nc6 a4 26. Rh3 a3 27. Rf3 Qg6 28.
Ne7+ Kh7 29. Nxg6 fxg6 30. Rg3 a2+ 31. Ka1 Rf6 32. Qxa8 Bxf2 33. Rf3 Rxf3 34.
Qxf3 Bxh4 35. Re6 Bf6+ 0-1

[Event "AUTO-OPEN-1119"]
[Site "http://www.queenalice.com/game.php?id=397727"]
[Date "2008.5.4"]
[Round "1"]
[White "palaciorep"]
[Black "markmooney2008"]
[Result "1-0"]
[WhiteElo "1842"]
[BlackElo "1502"]

1. e4 c5 2. Nf3 Nc6 3. Nc3 e6 4. e5 b6 5. Be2 d5 6. Bb5 Bb7 7. O-O f6 8. exf6
Nxf6 9. Ne5 Qd6 10. Ng4 Be7 11. d3 O-O 12. Bxc6 Bxc6 13. Nxf6+ Bxf6 14. g3 d4
15. Ne4 Bxe4 16. dxe4 Rf7 17. Re1 Raf8 18. f4 e5 19. f5 Be7 20. h4 c4 21. Bg5
Bxg5 22. hxg5 Qc5 23. Kg2 g6 24. g4 c3 25. b3 Rd7 26. Qd3 a5 27. a4 Qc6 28. Rf1
Rdf7 29. f6 h6 30. Rf2 hxg5 31. Raf1 Rxf6 32. Rxf6 Rxf6 33. Rxf6 Qxf6 34. Kh3
Qh8+ 35. Kg2 1-0

[Event "AUTO-BEG-216"]
[Site "http://www.queenalice.com/game.php?id=400177"]
[Date "2008.5.9"]
[Round "1"]
[White "markmooney2008"]
[Black "mmarco"]
[Result "0-1"]
[WhiteElo "1399"]
[BlackElo "1241"]

1. c4 e6 2. Nc3 Nh6 3. d4 Qf6 4. e4 d5 5. exd5 Ng4 6. Qxg4 Na6 7. Bg5 Qf5 8.
Qxf5 exf5 9. Nf3 Nb4 10. O-O-O f6 11. Bf4 c6 12. d6 Be6 13. a3 Na6 14. c5 g5 15.
Nxg5 fxg5 0-1

[Event "AUTO-BEG-216"]
[Site "http://www.queenalice.com/game.php?id=400178"]
[Date "2008.5.9"]
[Round "1"]
[White "mmarco"]
[Black "markmooney2008"]
[Result "1-0"]
[WhiteElo "1263"]
[BlackElo "1377"]

1. e3 c5 2. Qh5 d5 3. d3 Nf6 4. Qe5 Nc6 5. Qc3 Bf5 6. Qxc5 e5 7. Qb5 Qa5+ 8.
Qxa5 Nxa5 9. Nf3 e4 10. dxe4 Bxe4 11. Na3 Bxa3 12. bxa3 Bxc2 13. Ne5 O-O 14. Bd2
Ne4 15. f3 1-0

[Event "AUTO-BEG-216"]
[Site "http://www.queenalice.com/game.php?id=400179"]
[Date "2008.5.9"]
[Round "1"]
[White "markmooney2008"]
[Black "Amorim_TJ"]
[Result "0-1"]
[WhiteElo "1438"]
[BlackElo "1554"]

1. c4 Nf6 2. Nc3 e5 3. e3 Nc6 4. a3 d5 5. d4 e4 6. c5 b6 7. Bb5 Bb7 8. b4 a6 9.
Ba4 b5 10. Nxb5 axb5 11. Bxb5 Be7 12. a4 O-O 13. Bxc6 Bxc6 14. b5 Bxb5 15. Bb2
Ba6 16. f3 c6 17. Nh3 Qa5+ 18. Kf2 Rab8 19. Re1 Rxb2+ 20. Kg1 exf3 21. Qxf3 Ra2
22. Qd1 Rd2 23. Qf3 Ne4 24. Nf4 Bh4 0-1

[Event "AUTO-BEG-216"]
[Site "http://www.queenalice.com/game.php?id=400180"]
[Date "2008.5.9"]
[Round "1"]
[White "Amorim_TJ"]
[Black "markmooney2008"]
[Result "1-0"]
[WhiteElo "1571"]
[BlackElo "1427"]

1. e4 c5 2. Nf3 Nc6 3. Bb5 Qc7 4. d3 a6 5. Bxc6 Qxc6 6. d4 Qxe4+ 7. Be3 cxd4 8.
Qxd4 Qxc2 9. O-O Nf6 10. Na3 Qe4 11. Rfd1 Qxd4 12. Bxd4 Nh5 13. Nc4 b5 14. Nb6
Rb8 15. Rac1 Bb7 16. Rc7 d6 17. Nd7 Rd8 18. Rxb7 Rxd7 19. Rb6 e5 20. Rb8+ Rd8
21. Rxd8+ Kxd8 22. Bxe5 Kd7 23. Ng5 f6 24. Nf7 1-0

[Event "AUTO-BEG-216"]
[Site "http://www.queenalice.com/game.php?id=400181"]
[Date "2008.5.9"]
[Round "1"]
[White "markmooney2008"]
[Black "mhr1989"]
[Result "1-0"]
[WhiteElo "1353"]
[BlackElo "1216"]

1. c4 e5 2. Nc3 Nf6 3. e3 Nc6 4. d4 d6 5. g3 Bf5 6. Bg2 Qd7 7. dxe5 Nxe5 8. Bxb7
Rb8 9. Bd5 Nd3+ 10. Kf1 Nxd5 11. cxd5 Nxc1 12. Qxc1 Rb4 13. a3 Rb3 14. Nf3 Bh3+
15. Ke2 Qf5 16. e4 Qg4 17. Qf4 Rxb2+ 18. Ke3 Qxf4+ 19. gxf4 Bg2 20. Rhg1 1-0

[Event "AUTO-BEG-216"]
[Site "http://www.queenalice.com/game.php?id=400182"]
[Date "2008.5.9"]
[Round "1"]
[White "mhr1989"]
[Black "markmooney2008"]
[Result "0-1"]
[WhiteElo "1325"]
[BlackElo "1423"]

1. e4 c5 2. Bc4 Nc6 3. Qf3 Ne5 4. Qc3 Nxc4 5. Qxc4 e6 6. Nf3 Nf6 7. O-O b6 8.
Nc3 Bb7 9. d3 Be7 10. Bf4 O-O 11. Ng5 d5 12. exd5 Nxd5 13. Nxd5 Bxd5 14. Qb5
Bxg5 15. Bxg5 Qxg5 16. f3 f5 17. Rae1 Rf6 18. c4 Rg6 19. f4 Qxg2# 0-1